LEADER 01220nam--2200361---450- 001 990003650040203316 005 20120412124642.0 010 $a978-88-7542-159-5 035 $a000365004 035 $aUSA01000365004 035 $a(ALEPH)000365004USA01 035 $a000365004 100 $a20120412d2010----km-y0itay50------ba 101 0 $aita 102 $aIT 105 $aa---||||001yy 200 1 $aMontaperti per i 750 anni dalla battaglia$easpetti della guerra e della pace nel Medioevo$eincontro italo-danese Villa Chigi Saracini - Castelnuovo Berardenga (SI) 5 Settembre 2010$fa cura di Mario Ascheri 210 $aFirenze$cAska$d2010 215 $a115 p., [9] pagine di tav.$cill.$d24 cm 225 2 $aDocumenti di storia$v91 410 0$12001$aDocumenti di storia$v91 606 0 $aFirenze$xStoria$2BNCF 676 $a945.51 700 1$aASCHERI,$bMario$0127201 801 0$aIT$bsalbc$gISBD 912 $a990003650040203316 951 $aX.1.B. 1416$b231503 L.M.$cX.1.B.$d00309418 959 $aBK 969 $aUMA 979 $aPASSARO$b90$c20120412$lUSA01$h1244 979 $aPASSARO$b90$c20120412$lUSA01$h1246 996 $aMontaperti per i 750 anni dalla battaglia$91139599 997 $aUNISA